000 00614 a2200193 4500
999 _c2290
_d2290
020 _a0869225006
050 0 0 _aHV4622.3.H37 BOU 1991
100 1 _aBourdillon, M. F. C.
245 1 0 _aPoor, harassed but very much alive :
_ban account of street people and their organisation /
_cby M.F.C. Bourdillon.
264 _aGweru
_bMambo Press
_c1991
300 _a107 p. :
_bill. ;21 cm.
500 _aStreet kids
650 0 _aHomeless persons
650 0 _aHomeless persons
_xInterviews.
650 0 _aSquatter settlements
651 0 _aHarare (Zimbabwe)
651 0 _aZimbabwe
942 _2lcc
_cBK
_h4622.3.H37
_iBOU
_kHV